000 00397 a2200109 4500
001 ART_45672
005 20260410162006.0
008 260409a
245 1 0 _aLos contratos bancarios y la fragmentación del tipo general de los contratos en el Código Civil y Comercial
100 1 _aCaramelo, Gustavo
773 0 _tTemas de derecho civil
_g- Año 4, Nº 2 (feb. 2018)
_wREV34778
999 _c31724
_d31724